Score 0/7 Timer 03:00
0 Plays Today
Question Answer Wrong Answers
This animated Disney film, starring Eva Gabor as Duchess, is released to theaters.
1970
The Aristocats
78.7%
Robin Hood
2.3%
The Rescuers
6.9%
The Fox and the Hound
10.3%
In the Plot of the rue Saint-Nicaise, Breton royalists create an explosive device and attempt to assassinate this French leader, but fail.
1800
Napoléon Bonaparte
75.4%
Louis XIV
16.5%
Charles IX
3.4%
Marie Antoinette
3.9%
This man files a patent application for his newly created phonograph.
1877
Thomas Edison
74.3%
Guglielmo Marconi
5.9%
Alexander Graham Bell
17.4%
Samuel Morse
1.5%
Ian Kilmister, better known by this name as Motörhead's bassist and lead singer, is born in Stoke-on-Trent, England.
1945
Lemmy
62.2%
Bonzo
17.1%
Ripper
14.2%
Ginger
4.7%
Scottish naturalist John Muir, co-founder of this conservation organization, dies in Los Angeles at the age of 76.
1914
Sierra Club
60.9%
Greenpeace
15.3%
WWF
16.4%
Friends of the Earth
6%
Kiritimati, also known as Christmas Island, is discovered by James Cook. It is now part of this Oceanian country.
1777
Kiribati
45.2%
Micronesia
21.2%
Vanuatu
7.4%
Marshall Islands
26.2%
Cyclone Tracy strikes Australia, devastating this capital city of the Northern Territory.
1974
Darwin
42.2%
Brisbane
20.4%
Perth
18.6%
Adelaide
16.7%
Remove Ads.
Support Sporcle.
Get the best of Sporcle when you Go Orange. This ad-free experience offers more features, more stats, and more fun while also helping to support Sporcle. Thank you for becoming a member.

You're not logged in!

Compare scores with friends on all Sporcle quizzes.
OR
Log In

Show Comments

Extras

Top Quizzes Today


Score Distribution

Your Account Isn't Verified!

In order to create a playlist on Sporcle, you need to verify the email address you used during registration. Go to your Sporcle Settings to finish the process.

Report this User

Report this user for behavior that violates our Community Guidelines.

Details: